000 00621nam a2200241Ia 4500
003 OSt
005 20221007065003.0
006 a|||||r|||| 00| 0
007 ta
008 221006b |||||||| |||| 00| 0 eng d
024 _a22,449
037 _cTextual
040 _aFLL
_cFLL
_beng
041 _2eng
_aeng
082 _aY15, P7
100 _aPatel Tulsi Ed.
245 0 _aSex-selective abortion in India
250 _a1st
260 _aDelhi
_bSage Publications India Pvt. Ltd. India
_c2007
300 _a432p
_ccm.
942 _hY15, P7
_cTEXL
_2CC
999 _c1135946
_d1135946